| 000 | 00804nam a22002055i 4500 | ||
|---|---|---|---|
| 001 | 163364 | ||
| 003 | ES-MaACL | ||
| 005 | 20251010183235.0 | ||
| 008 | 991001s1891 sp |||| | spa d | ||
| 040 |
_aCCPB | B _bspa _cCCPB | B |
||
| 100 | 1 |
_aRetortillo y Tornos, Alfonso. _996367 |
|
| 245 | 1 | 0 |
_aCompendio de historia del derecho internacional / _cpor ... Alfonso Retortillo y Tornos ...; precedido de una carta-prólogo del ... Dr. D. Rafael Conde y Luque. |
| 260 |
_aMadrid : _b[s.n.], _c1891 ( _fImprenta de Fortanet) |
||
| 300 |
_aXIX, [1] en bl., 285, [2] p. ; _c18 cm. |
||
| 597 | _aAntep. | ||
| 650 | 4 |
_aDerecho internacional- _xHistoria. _911719 |
|
| 700 | 1 |
_aConde y Luque, Rafael, _d1835-1922 _940134 |
|
| 852 |
_aES-MaACL _jF-12818 _z-- Enc. pasta española |
||
| 999 |
_c163364 _d163364 |
||